No Connections - Instant Death - Statistics

General Stats
  • This quiz has been taken 116 times
  • The average score is 18 of 27
Answers on the Grid
Answers color-coded by a green-red scale on the quiz's grid according to % correct below.
George Washington
Declaration of Independence
Berlin Airlift
The Great Depression
Cold War
Watergate
Articles of Confederation
Abraham Lincoln
Emancipation Proclaimation
Spanish-American War
Thomas Jefferson
Louisiana Purchase
Lewis and Clark
Pearl Harbor
Assassination of John F. Kennedy
Iran Hostage Crisis
The Revolutionary War
The War of 1812
The Star-Spangled Banner
The March on Washington
The Korean War
Apollo 11
Neil Armstrong
The Wright Brothers
Donald Trump
Kamala Harris
The Supreme Court
The Ming Dynasty
King Louis XIV
The Battle of Hastings
 
Answer Stats
Answer % Correct
Pearl Harbor
77%
Thomas Jefferson
75%
Donald Trump
74%
Spanish-American War
74%
Abraham Lincoln
71%
Assassination of John F. Kennedy
71%
Cold War
71%
Louisiana Purchase
70%
Neil Armstrong
70%
Apollo 11
68%
Declaration of Independence
68%
The Korean War
68%
George Washington
67%
The Great Depression
67%
Emancipation Proclaimation
65%
The Revolutionary War
65%
The Wright Brothers
65%
The March on Washington
64%
The Star-Spangled Banner
64%
The War of 1812
64%
Lewis and Clark
62%
Articles of Confederation
61%
Kamala Harris
61%
Watergate
61%
The Supreme Court
55%
Iran Hostage Crisis
49%
Berlin Airlift
48%
No matching quizzes found
Score Distribution
Percent of People with Each Score
Percentile by Number Answered
Your Score History
You have not taken this quiz